000 00694nam a2200193 4500
008 160531b xxu||||| |||| 00| 0 eng d
020 _a0195875850
082 _21995
_aDC 332.1095
_bF49
245 _aFinancial sector development in Asia/
_cedited by Shahid N. Zahid.
260 _aOxford:
_bOxford University Press,
_cc1995.
300 _axxiii, 410 pages;
_c24 cm.
500 _aIncludes bibliographical references and index.
650 0 _99695
_aBanks and banking
_xDeregulation
_zAsia
650 0 _99696
_aFinancial institutions
_zAsia
650 0 _99697
_aSaving and investment
_xAsia
700 _99698
_aZahid, Shahid N.
_eEditor
365 _b690.00
_cPhp
942 _2ddc
_cDC
999 _c2917
_d2917